Normal view
MARC view
- Reforma educativa
Entry Materia
001 - NÚMERO DE CONTROL DEL REGISTRO
- campo de control: 506
003 - IDENTIFICADOR DE NUMERO DE CONTROL
- campo de control: MX-MxUPN
005 - FECHA Y HORA DE LA ÚLTIMA TRANSACCIÓN
- campo de control: 20260323142129.0
008 - DATOS DE LONGITUD FIJA
- campo de control de longitud fija: 260323n| fcnnnaabn a ana |d
035 ## - NÚMERO DE CONTROL DEL SISTEMA
- Número de control del sistema: UPN10000000506
040 ## - FUENTE DE LA CATALOGACIÓN
- Centro catalogador de origen: MX-MxUPN
- Lengua de catalogación: spa
- Agencia de transcripción: MX-MxUPN
150 ## - ENCABEZAMIENTO - TEMÁTICO
- Término de materia o nombre geográfico como elemento inicial: Reforma educativa
- Subdivisión geográfica: América Latina
450 ## - VÉASE - MATERIA
- Subcampo de control: nno
- Encabezamiento temático: Cambio educativo
- Subdivisión geográfica: América Latina
670 ## - FUENTE EN LA QUE SE LOCALIZARON DATOS
- Cita de la fuente: LC
- Información localizada: Educational change - Latin America
670 ## - FUENTE EN LA QUE SE LOCALIZARON DATOS
- Cita de la fuente: Autoridades BGTQ, 23 marzo 2026:
- Información localizada: (Reforma educativa -- América Latina)
902 ## - CATALOGADOR
- Catalogador: MEEG/020505
- Catalogador: Víctor Ruiz/230326
